Vista normal
Vista MARC
Entrada Materia (personas)
Número de registros utilizados en: 1
001 - CONTROL NUMBER
- control field: 95868
003 - CONTROL NUMBER IDENTIFIER
- control field: Co-BoUCM
005 - DATE AND TIME OF LATEST TRANSACTION
- control field: 20190322151700.0
008 - FIXED-LENGTH DATA ELEMENTS
- fixed length control field: 190322|| aca||aabn | a|a d
040 ## - CATALOGING SOURCE
- Original cataloging agency: Co-BoUCM
- Transcribing agency: Co-BoUCM
100 ## - HEADING--PERSONAL NAME
- Personal name: Cortés, José Domingo
- Dates associated with a name: 1839-1884
670 ## - SOURCE DATA FOUND
- Source citation: Work cat.: (Co-BoUCM): Cortés, José Domingo 1839-1884 , Diccionario Biográfico Americano, 1876